Malá škola házené

Bibliographic Details
Main Author: Šafaříková, Jana (Author)
Format: Book
Language:Undetermined
PhysicalDescription:187 s.
Published: Praha Olympia 1986

MARC

LEADER 00000nam a2200000 a 4500
001 vtls001284320
003 SK-MaSNL
005 20260301195610.0
008 240314s1986 xx 0 und
035 |a SNK000235813 
040 |a SNK  |b slo  |c SNK  |e AACR2 
100 1 |a Šafaříková, Jana  |4 aut  |9 458712 
245 1 0 |a Malá škola házené 
260 |a Praha  |b Olympia  |c 1986 
300 |a 187 s. 
958 |a OND 
999 |c 886513  |d 888443 
952 |a SNK  |b SNK  |y VYP  |7 0  |p 17A0062061  |o snkID 84404  |i snkKIP 7863/86  |0 0  |1 0  |4 0  |d 1997-04-22  |l 0  |r 2005-01-02 00:00:00  |w 2026-02-24 
952 |a SNK  |b SNK  |y VYP  |7 0  |p 17A0081800  |o snkID 84404 D1  |i snkKIP 7864/86  |0 0  |1 1  |4 0  |d 1997-07-22  |l 0  |r 2005-01-02 00:00:00  |w 2026-02-24